Culture générale, le plus... #1 - Statistiques

Statistiques générales
  • Ce quiz a été pris 182 fois
  • Le résultat moyen est 7 sur 10
Statistiques - réponses
Hint Réponse % Correct
Le plus grand pays du monde (17,1 millions km²) Russie
98%
Le sommet le plus élevé (8849 m) Everest
96%
Le musée le plus visité du monde (9 millions de visiteurs par an) Le Louvre
96%
L'animal terrestre le plus rapide (80 à 130 km/h) Guépard
87%
Le plus long règne de l'Histoire (72 ans) Louis XIV
84%
Le livre le plus vendu au monde (4 à 6 milliards d'exemplaires) Bible
82%
Le point le plus profond des océans (10 984 m) Fosse des Mariannes
66%
Le point marin le plus éloigné de la surface terrestre (3000 km de la terre la plus proche) Nemo
46%
Le plus vaste empire de l'Histoire (33,5 millions km²) Empire britannique
23%
Le règne le plus court de l'Histoire (20 minutes) Louis-Antoine de France
7%
Aucun quiz correspondant
Distribution des résultats
% des personnes avec chaque résultat
Percentile par nombre de réponses
Votre historique - résultats
Vous n’avez pas pris ce quiz